000 00868cab a2200253 4500
001 ABS48903
008 090401t1993 xxu||||| |||| 00| 0 eng d
035 _a(Sirsi) u69068
041 _aeng
100 _aSummers, A.
245 _aAssignation of collateral warranties
260 _c1993
350 _a0
490 _aScots Law Times
_v18 28 May 1993, 181-183(3)
520 _aExamines the value of assignations of contractual rights in respect of defective building work, and concludes that under Scots law they should provide effective protection to assignees.
650 _aASSIGNATION
650 _aASSIGNMENT
650 _aBUILT ENVIRONMENT-BUILDING CONTRACT FORMS-CONSTRUCTION COLLATERAL WARRANTY FORMS
650 _aSCOTLAND
650 _aSCOTS LAW
690 _aBUILT ENVIRONMENT-BUILDING CONTRACT FORMS
942 _n0
948 _c04/03/1997
999 _c43385
_d43385